[Event "TUR-chT 2nd League"]
[Site "Konya"]
[Date "2018.07.19"]
[Round "5.12"]
[White "Acar, Ilhami"]
[Black "Cosgun, Emin"]
[Result "0-1"]
[WhiteElo "1688"]
[BlackElo "1685"]
[PlyCount "134"]
[EventDate "2018.07.16"]
[EventType "team-swiss"]
[EventRounds "9"]
[EventCountry "TUR"]
[SourceTitle "EXT 2019"]
[Source "ChessBase"]
[SourceDate "2018.10.10"]
[SourceVersion "1"]
[SourceVersionDate "2018.10.10"]
[SourceQuality "1"]
[WhiteTeam "Ayidin Nazilli Belediyesi"]
[BlackTeam "Calli Spor"]
[WhiteTeamCountry "TUR"]
[BlackTeamCountry "TUR"]

1. e4 c5 2. Nf3 d6 3. d4 cxd4 4. Nxd4 Nf6 5. Nc3 g6 6. Be3 Bg7 7. f3 0-0 8. Bc4 Nc6 9. Qd2 Nd7 10. 0-0-0 Nb6 11. Be2 Na5 12. b3 d5 13. Bh6 e5 14. Bxg7 Kxg7 15. Ndb5 a6 16. Na3 d4 17. Ncb1 Nc6 18. h4 f5 19. Qg5 fxe4 20. Qxd8 Nxd8 21. fxe4 Be6 22. Nd2 Nf7 23. Nf3 Rac8 24. Kb2 Nd7 25. Nb1 Nf6 26. Bd3 Ng4 27. Rd2 b5 28. c3 dxc3+ 29. Nxc3 Rc5 30. Rc1 Rfc8 31. Ne2 Rxc1 32. Nxc1 Nd6 33. Bb1 Rc6 34. Re2 a5 35. Nd3 Nf7 36. Nf2 Nxf2 37. Rxf2 Bg4 38. Ne1 Rf6 39. Rc2 Kh6 40. Nd3 Kh5 41. g3 Rf3 42. Rf2 Rxf2+ 43. Nxf2 Be2 44. Kc3 b4+ 45. Kd2 Ba6 46. Bd3 Bb7 47. Bc4 Nd6 48. Be2+ Kh6 49. Bd3 Kh5 50. Ke3 g5 51. Be2+ Kg6 52. h5+ Kf7 53. Bf3 Nb5 54. Nd3 Kf6 55. Nb2 Na3 56. Nc4 Nxc4+ 57. bxc4 h6 58. g4 Ke6 59. Bd1 Kd6 60. Kd3 Kc5 61. Bc2 Bc8 62. Bd1 Be6 63. Bb3 Bf7 64. Ke3 Bxc4 65. Kd2 Bxb3 66. axb3 Kb5 67. Kd3 a4 0-1

[Event "TUR-chT2"]
[Site "Konya"]
[Date "2016.07.18"]
[Round "2.12"]
[White "Cosgun, Emin"]
[Black "Civi, Akin"]
[Result "1/2-1/2"]
[WhiteElo "1485"]
[BlackElo "1678"]
[PlyCount "93"]
[EventDate "2016.07.17"]
[EventType "team-swiss"]
[EventRounds "9"]
[EventCountry "TUR"]
[SourceTitle "CBM 173 Extra"]
[Source "ChessBase"]
[SourceDate "2016.08.29"]
[SourceVersion "1"]
[SourceVersionDate "2016.08.29"]
[SourceQuality "1"]
[WhiteTeam "Antalya Calli"]
[BlackTeam "Hatay Samandag"]
[WhiteTeamCountry "TUR"]
[BlackTeamCountry "TUR"]

1. e4 d5 2. exd5 Nf6 3. Bb5+ Bd7 4. Bc4 Bg4 5. f3 Bf5 6. Nc3 Nbd7 7. Nge2 Nb6 8. b3 Nfxd5 9. Nxd5 Nxd5 10. Bb2 Nb6 11. Bb5+ c6 12. Nd4 Bd7 13. Bd3 Qc7 14. 0-0 0-0-0 15. Be4 e5 16. Nf5 g6 17. Ne3 f5 18. Bd3 Bc5 19. Kh1 Rhe8 20. Nc4 Nxc4 21. Bxc4 Bd6 22. a3 Be6 23. Bd3 Kb8 24. b4 e4 25. fxe4 fxe4 26. Bxe4 Bxh2 27. d3 Bd5 28. Qf3 Bxe4 29. dxe4 Be5 30. Bxe5 Qxe5 31. Rfe1 Rd4 32. Rad1 Rxe4 33. Rxe4 Qxe4 34. Rd8+ Kc7 35. Rxe8 Qxe8 36. Qg3+ Kc8 37. Qh3+ Qd7 38. Qh6 b6 39. Qf8+ Kb7 40. Qf2 Qf5 41. Qe2 Qd7 42. a4 Qf7 43. b5 cxb5 44. axb5 Qd7 45. Qf3+ Kb8 46. Qf4+ Kb7 47. Qf3+ 1/2-1/2